| 000 | 00442pab a2200193 454500 | ||
|---|---|---|---|
| 008 | 180718b1996 xxu||||| |||| 00| 0 eng d | ||
| 100 | _aBajpai, P.K. | ||
| 245 | _aFocus on female crime | ||
| 260 | _c1996 | ||
| 300 | _ap.3-8 | ||
| 362 | _aMar | ||
| 650 | _aWomen - India | ||
| 650 | _aFemale offenders - India | ||
| 650 | _aCrime - India | ||
| 650 | _aCrime | ||
| 700 | _aBajpai, Anju | ||
| 773 | _aSocial Welfare | ||
| 909 | _a30804 | ||
| 999 |
_c30804 _d30804 |
||